Obehové hospodárstvo v podmienkach Slovenskej republiky bakalárska práca

Na minha lista:
Detalhes bibliográficos
Autor principal: Franková, Dominika, 1995-
Autor Corporativo: Podnikovohospodárska fakulta EU so sídlom v Košiciach. Katedra ekonómie
Outros Autores: Stričík, Michal, 1969-
Formato: Livro
Idioma:eslovaco
Publicado em: Košice 2018
Tags: Adicionar Tag
Sem tags, seja o primeiro a adicionar uma tag!

MARC

LEADER 00000nbm a2200000 4500
001 0245752
005 20240827092717.3
041 0 |a slo 
044 |a SK 
245 1 0 |a Obehové hospodárstvo v podmienkach Slovenskej republiky  |b bakalárska práca  |c Dominika Franková ; školiteľ: Michal Stričík 
264 1 |a Košice  |c 2018 
300 |a 54 s. 
100 1 |a Franková, Dominika, 1995- 
700 1 |a Stričík, Michal, 1969- 
710 2 |a Podnikovohospodárska fakulta EU so sídlom v Košiciach. Katedra ekonómie